ESSENTIALS OF NURSING RESEARCH (Record no. 21971)

MARC details
000 -LEADER
fixed length control field 00362nam a22001577a 4500
003 - CONTROL NUMBER IDENTIFIER
control field SGT
020 ## - INTERNATIONAL STANDARD BOOK NUMBER
International Standard Book Number 9789351298335
082 ## - DEWEY DECIMAL CLASSIFICATION NUMBER
Classification number 610.72
Item number E18P
100 ## - MAIN ENTRY--PERSONAL NAME
Personal name POLIT, DENISE F.
245 ## - TITLE STATEMENT
Title ESSENTIALS OF NURSING RESEARCH
250 ## - EDITION STATEMENT
Edition statement 9TH
260 ## - PUBLICATION, DISTRIBUTION, ETC. (IMPRINT)
Place of publication, distribution, etc INDIA
Name of publisher, distributor, etc WOLTERS KLUWER PUB
Year of Publication 2018
300 ## - PAGE DESCRIPTION
No. of Pages 442
650 ## - SUBJECT ADDED ENTRY--TOPICAL TERM
Topical term or geographic name as entry element NURSING RESEARCH
942 ## - ADDED ENTRY ELEMENTS (KOHA)
Source of classification or shelving scheme Dewey Decimal Classification
Koha item type Books
942 ## - ADDED ENTRY ELEMENTS (KOHA)
-- 13
Holdings
Withdrawn status Lost status Source of classification or shelving scheme Damaged status Not for loan Collection code Home library Current library Shelving location Date acquired Vendor Name Cost, normal purchase price SGTU Bill Number Total Checkouts Full call number Accession No. (Barcode) Date last seen Date last borrowed Bill Date Koha item type
    Dewey Decimal Classification     NURSING SGT Medical Library SGT Medical Library Text Book 12/10/2021 ABC DELHI 799.00 SGTU 13309 3 610.72 E18P FN4626 26/08/2024 13/08/2024   Books
    Dewey Decimal Classification     NURSING SGT Medical Library SGT Medical Library Text Book 12/10/2021 ABC DELHI 799.00 SGTU 13309 7 610.72 E18P FN4627 20/01/2025 07/01/2025   Books
    Dewey Decimal Classification     NURSING SGT Medical Library SGT Medical Library Text Book 12/10/2021 ABC DELHI 799.00 SGTU 13309 3 610.72 E18P FN4628 11/09/2024 27/08/2024   Books